| 000 | 00770nam a2200229 a 4500 | ||
|---|---|---|---|
| 001 | 000020907 | ||
| 005 | 20200930011203.0 | ||
| 008 | 100823s1993 sp r 000 0 spa d | ||
| 020 | _a8420646040 | ||
| 040 |
_aDO-SdBNP _bspa _cBNPHU |
||
| 082 |
_a813.54 _bA832L, 1996 |
||
| 100 | 1 |
_aAsimov, Isaac, _d1920-1992 _913328 |
|
| 245 | 1 | 4 |
_aLos lagartos terribles y otros relatos / _cIsaac Asimov ; traducción de Francisco Morán Samaniego. |
| 260 |
_aMadrid : _bAlianza Editorial _bGrupo Anaya, _c1993. |
||
| 300 |
_a64 p. ; _c15 cm. |
||
| 490 | 1 |
_aAlianza cien _v4 |
|
| 500 | _aLibro de bolsillo | ||
| 650 | 4 |
_aNovela estadounidense _9262 |
|
| 650 | 4 |
_aLiteratura francesa _91074 |
|
| 700 | 1 |
_aMorán Samaniego, Francisco, _etr. _943816 |
|
| 830 | 0 |
_aAlianza cien ; _n4 _943817 |
|
| 999 |
_c20410 _d20410 |
||